000 00705nam a22002537a 4500
001 BR9804012
003 BR-BrBNA
005 20230928100011.0
007 ta
008 230509b bl.||||| |||| 00| 0 por d
040 _aBR-BrBNA
_bpor
_cBiblioteca Nacional de Agricultura
041 _a(Por)
072 _aD50
_b9921
090 _ 9921 BR9804012
110 1 _aAssembleia Legislativa do Estado do Rio Grande do Sul, Porto Alegre (Brasil)
_9152
245 1 _aVitivinicultura; relatorio final
260 3 _aPorto Alegre, RS (Brasil):
_c1998.
300 _a230 p.
650 _aVinho
650 _aLegislacao
650 _aRio Grande do Sul
909 _a202309
_bLucia
_c55
_dLucia Elande
942 _cBK
999 _c59814
_d59814